000 00322nam a2200133 i 4500
001 bg
100 1 _aWRÓBEL, F.
245 0 _aNawigacja morska.
_nT. 2,
_pZadania z objaśnieniami /
_cF. Wróbel.
260 _aGdańsk,
_c1988.
040 _cBPK
041 _apol
942 _cKS
008 s pl f |000 0 pol
999 _c5325
_d5325
856 _uhttp://koha.tu.koszalin.pl/cgi-bin/koha/opac-detail.pl?biblionumber=5325
_yKatalog online BPK